Arthur Miller : new perspectives /

Bibliographic Details
Other Authors: Martin, Robert A.
Format: Book
Language:English
Published: Englewood Cliffs, N.J. : Prentice-Hall, [1982]
Series:Twentieth century views.
Subjects:

MARC

Tag First Indicator Second Indicator Subfields
LEADER 00000pam a2200000 a 4500
001 in00000084488
005 20151008061415.0
008 810917s1982 nju b 00100 eng
010 |a  81015752  
020 |a 0130488011 
020 |a 0130487937 (pbk.) 
035 |a (OCoLC)07835994 
035 |9 AAJ7991AM 
040 |a DLC  |c DLC  |d TXA  |d UtOrBLW 
049 |a TXAM  |c [1805530] 
050 0 0 |a PS3525.I5156  |b Z52 
082 0 |a 812/.52  |2 19 
245 0 0 |a Arthur Miller :  |b new perspectives /  |c edited and with an introduction by Robert A. Martin. 
264 1 |a Englewood Cliffs, N.J. :  |b Prentice-Hall,  |c [1982] 
264 4 |c ©1982 
300 |a x, 223 pages ;  |c 21 cm. 
336 |a text  |b txt  |2 rdacontent 
337 |a unmediated  |b n  |2 rdamedia 
338 |a volume  |b nc  |2 rdacarrier 
490 1 |a Twentieth century views 
500 |a "A Spectrum book." 
500 |a Includes index. 
504 |a Bibliography: pages 205-219. 
600 1 0 |a Miller, Arthur,  |d 1915-2005  |x Criticism and interpretation. 
700 1 |a Martin, Robert A. 
830 0 |a Twentieth century views. 
999 |a MARS 
999 f f |s 7db20d2e-f702-3f1d-ac20-7864f3b5d30a  |i c7e64fa7-fb5b-308d-9cbb-c50209b31299  |t 0 
952 f f |p ric  |a Texas A&M University  |b Rellis Campus  |c Joint Library Facility  |d Remote Storage  |t 0  |e PS3525.I5156 Z52  |h Library of Congress classification  |i unmediated -- volume  |m A14806191050 
998 f f |a PS3525.I5156 Z52  |t 0  |l Remote Storage